| 000 | 00685nam a2200265 a 4500 | ||
|---|---|---|---|
| 005 | 20140310183503.0 | ||
| 008 | 100818s19uu xx 00 eng d | ||
| 020 | _a9780781791700 | ||
| 050 |
_aRT 48 _b.Sk58 2007 |
||
| 245 |
_aSkillmasters : _b3-Minute assessment / |
||
| 250 | _a2nd ed. | ||
| 260 |
_aPhiladelphia : _bLippincott Williams & Wilkins, _c2007. |
||
| 300 |
_a250 p. : _bill. ; _c21 cm. |
||
| 521 | _aNUR | ||
| 650 |
_aNursing assessment _xHandbooks, manuals, etc. |
||
| 942 |
_cBK _2lcc _kFOR |
||
| 999 |
_c23976 _d23976 |
||